<?xml version="1.0" encoding="UTF-8"?><?xml-stylesheet type="text/xsl" href="static/style.xsl"?><OAI-PMH xmlns="http://www.openarchives.org/OAI/2.0/" xmlns:xsi="http://www.w3.org/2001/XMLSchema-instance" xsi:schemaLocation="http://www.openarchives.org/OAI/2.0/ http://www.openarchives.org/OAI/2.0/OAI-PMH.xsd"><responseDate>2026-06-07T05:34:01Z</responseDate><request verb="GetRecord" identifier="oai:riuma.uma.es:10630/12933" metadataPrefix="marc">https://riuma.uma.es/rest/oai/request</request><GetRecord><record><header><identifier>oai:riuma.uma.es:10630/12933</identifier><datestamp>2026-02-03T10:26:05Z</datestamp><setSpec>com_10630_1685</setSpec><setSpec>col_10630_38055</setSpec></header><metadata><record xmlns="http://www.loc.gov/MARC21/slim" xmlns:dcterms="http://purl.org/dc/terms/" xmlns:doc="http://www.lyncode.com/xoai" xmlns:xsi="http://www.w3.org/2001/XMLSchema-instance" xsi:schemaLocation="http://www.loc.gov/MARC21/slim http://www.loc.gov/standards/marcxml/schema/MARC21slim.xsd">
   <leader>00925njm 22002777a 4500</leader>
   <datafield ind2=" " ind1=" " tag="042">
      <subfield code="a">dc</subfield>
   </datafield>
   <datafield ind2=" " ind1=" " tag="720">
      <subfield code="a">Grajales-Canabal, Angi-Estefan</subfield>
      <subfield code="e">author</subfield>
   </datafield>
   <datafield ind2=" " ind1=" " tag="260">
      <subfield code="c">2017-02-07</subfield>
   </datafield>
   <datafield ind2=" " ind1=" " tag="520">
      <subfield code="a">En esta investigación se ha querido comprobar si la Teoría de la Mente, que es la atribución de estados mentales, se encuentra relacionada con la Inteligencia Emocional y, a su vez, si la Empatía está relacionada con la Teoría de la Mente y la Inteligencia Emocional. Además, se ha analizado si se observan diferencias de género en cada una de ellas, y se ha querido evaluar si estas tres variables están relacionadas con el estatus sociométrico que presenta el niño en su grupo de iguales. La muestra está formada por 16 estudiantes; 8 niños y 8 niñas del primer curso de Educación Primaria, a los que se les ha evaluado su Teoría de la Mente, empatía cognitiva y afectiva, su inteligencia emocional y la aceptación o rechazo entre sus iguales. Los resultados indican que los niños que puntuaron más alto en Teoría de la Mente también lo hicieron en empatía e inteligencia emocional. Por otro lado, no se encontraron diferencias de género en Teoría de la Mente pero sí en empatía cognitiva y en inteligencia emocional. Por último, los niños populares obtuvieron mejores resultados en las tres variables que los niños con estatus rechazado. Para concluir se han comentado los resultados en la línea de las aplicaciones educativas para mejorar las habilidades sociales y emocionales.</subfield>
   </datafield>
   <datafield ind1="8" ind2=" " tag="024">
      <subfield code="a">http://hdl.handle.net/10630/12933</subfield>
   </datafield>
   <datafield tag="653" ind2=" " ind1=" ">
      <subfield code="a">Psicología - Trabajos fin de grado</subfield>
   </datafield>
   <datafield tag="653" ind2=" " ind1=" ">
      <subfield code="a">Niños - Conducta social</subfield>
   </datafield>
   <datafield tag="653" ind2=" " ind1=" ">
      <subfield code="a">Conocimiento (Psicología infantil)</subfield>
   </datafield>
   <datafield ind2="0" ind1="0" tag="245">
      <subfield code="a">Comprensión de la mente, competencia emocional y empatía. Relación con la aceptación entre iguales y con la percepción sociométrica</subfield>
   </datafield>
</record>
</metadata></record></GetRecord></OAI-PMH>